[Event "Chigorin Memorial 2019"]
[Site "Saint Petersburg"]
[Date "2019.10.11"]
[Round "7.5"]
[White "Vokhidov, Shamsiddin"]
[Black "Kryakvin, Dmitry"]
[Result "1/2-1/2"]
[WhiteElo "2519"]
[BlackElo "2608"]
[Annotator "ChessBase"]
[PlyCount "81"]
[EventDate "2019.10.05"]
[EventType "swiss"]
[EventCountry "RUS"]
[SourceTitle "playchess.com"]
[Source "ChessBase"]
[SourceQuality "1"]
[TimeControl "5400+30"]

1. e4 {[%emt 0:00:00]} e6 {[%emt 0:01:14]} 2. d4 {[%emt 0:00:00]} d5 {[%emt 0:00:06]} 3. Nd2 {[%emt 0:00:00]} c5 {[%emt 0:00:10]} 4. Ngf3 {[%emt 0:00:00]} Nc6 {[%emt 0:00:06]} 5. exd5 {[%emt 0:00:08]} exd5 {[%emt 0:00:06]} 6. Bb5 {[%emt 0:00:06]} Qe7+ {[%emt 0:00:07]} 7. Be2 {[%emt 0:00:50]} Qc7 {[%emt 0:00:13]} 8. dxc5 {[%emt 0:04:10]} Bxc5 {[%emt 0:00:22]} 9. Nb3 {[%emt 0:00:03]} Be7 {[%emt 0:00:51]} 10. O-O {[%emt 0:01:44]} Nf6 {[%emt 0:00:23]} 11. c3 {[%emt 0:02:41]} O-O {[%emt 0:01:09]} 12. Bg5 {[%emt 0:00:05]} Rd8 {[%emt 0:04:56]} 13. Re1 {[%emt 0:07:06]} Bf5 {[%emt 0:07:22]} 14. Nfd4 {[%emt 0:04:33]} Bg6 {[%emt 0:00:47]} 15. Bh4 {[%emt 0:02:54]} Ne4 {[%emt 0:01:06]} 16. Bxe7 {[%emt 0:01:22]} Nxe7 {[%emt 0:00:33]} 17. Bd3 {[%emt 0:04:22]} Nc6 {[%emt 0:02:47]} 18. f3 {[%emt 0:15:24]} Nd6 {[%emt 0:00:26]} 19. Bf1 {[%emt 0:02:01]} Qb6 {[%emt 0:05:15]} 20. Qd2 {[%emt 0:01:34]} a5 {[%emt 0:14:04]} 21. Qf2 {[%emt 0:01:28]} a4 {[%emt 0:00:31]} 22. Nxc6 {[%emt 0:00:06]} Qxf2+ {[%emt 0:00:07]} 23. Kxf2 {[%emt 0:00:02]} bxc6 {[%emt 0:00:09]} 24. Nc5 {[%emt 0:02:43]} Ra5 {[%emt 0:08:05]} 25. Nd3 {[%emt 0:00:15]} Bxd3 {[%emt 0:06:06]} 26. Bxd3 {[%emt 0:00:59]} Kf8 {[%emt 0:00:07]} 27. b4 {[%emt 0:09:49]} axb3 {[%emt 0:01:39]} 28. axb3 {[%emt 0:00:40]} Rda8 {[%emt 0:00:10]} 29. Rxa5 {[%emt 0:00:06]} Rxa5 {[%emt 0:00:07]} 30. Ke3 {[%emt 0:00:23]} Ra3 {[%emt 0:02:47]} 31. Bc2 {[%emt 0:00:25]} Nb5 {[%emt 0:06:42]} 32. Kd3 {[%emt 0:00:05]} c5 {[%emt 0:03:05]} 33. Re5 {[%emt 0:03:41]} c4+ {[%emt 0:02:15]} 34. bxc4 {[%emt 0:00:04]} Rxc3+ {[%emt 0:01:49]} 35. Kd2 {[%emt 0:00:04]} Rxc4 {[%emt 0:00:08]} 36. Rxd5 {[%emt 0:00:04]} Rd4+ {[%emt 0:00:11]} 37. Rxd4 {[%emt 0:00:05]} Nxd4 {[%emt 0:00:04]} 38. Bd3 {[%emt 0:00:04]} g6 {[%emt 0:00:08]} 39. Ke3 {[%emt 0:00:04]} Ne6 {[%emt 0:00:04]} 40. g4 {[%emt 0:00:08]} Kg7 {[%emt 0:00:08]} 41. Ke4 {[%emt 0:40:12]} 1/2-1/2

[Event "Chigorin Memorial 2019"]
[Site "Saint Petersburg"]
[Date "2019.10.11"]
[Round "7.6"]
[White "Nesterov, Arseniy"]
[Black "Smirin, Ilia"]
[Result "1/2-1/2"]
[WhiteElo "2484"]
[BlackElo "2599"]
[Annotator "ChessBase"]
[PlyCount "81"]
[EventDate "2019.10.05"]
[EventType "swiss"]
[EventCountry "RUS"]
[SourceTitle "playchess.com"]
[Source "ChessBase"]
[SourceQuality "1"]
[TimeControl "5400+30"]

1. d4 {[%emt 0:00:00]} Nf6 {[%emt 0:00:44]} 2. c4 {[%emt 0:00:00]} g6 {[%emt 0:00:06]} 3. Nf3 {[%emt 0:00:00]} Bg7 {[%emt 0:00:26]} 4. g3 {[%emt 0:00:03]} O-O {[%emt 0:02:06]} 5. Bg2 {[%emt 0:00:06]} d6 {[%emt 0:00:34]} 6. Nc3 {[%emt 0:00:41]} Nc6 {[%emt 0:01:22]} 7. O-O {[%emt 0:00:40]} e5 {[%emt 0:00:26]} 8. d5 {[%emt 0:03:18]} Nb8 {[%emt 0:00:23]} 9. e4 {[%emt 0:01:16]} a5 {[%emt 0:01:08]} 10. Ne1 {[%emt 0:01:01]} Na6 {[%emt 0:01:04]} 11. Nd3 {[%emt 0:01:14]} b6 {[%emt 0:04:59]} 12. b3 {[%emt 0:11:55]} Nd7 {[%emt 0:05:24]} 13. a3 {[%emt 0:04:18]} Nac5 {[%emt 0:02:35]} 14. Rb1 {[%emt 0:00:56]} Nxd3 {[%emt 0:03:02]} 15. Qxd3 {[%emt 0:00:11]} f5 {[%emt 0:00:02]} 16. b4 {[%emt 0:03:04]} f4 {[%emt 0:03:18]} 17. Bd2 {[%emt 0:05:24]} h5 {[%emt 0:02:30]} 18. f3 {[%emt 0:02:57]} g5 {[%emt 0:03:55]} 19. Be1 {[%emt 0:11:26]} Rf6 {[%emt 0:19:31]} 20. Qe2 {[%emt 0:16:07]} Nf8 {[%emt 0:02:40]} 21. c5 {[%emt 0:03:32]} axb4 {[%emt 0:00:37]} 22. axb4 {[%emt 0:00:16]} bxc5 {[%emt 0:08:59]} 23. bxc5 {[%emt 0:00:08]} Ng6 {[%emt 0:02:42]} 24. Bf2 {[%emt 0:04:55]} fxg3 {[%emt 0:05:20]} 25. hxg3 {[%emt 0:00:05]} h4 {[%emt 0:00:05]} 26. Ra1 {[%emt 0:00:28]} Rxa1 {[%emt 0:00:21]} 27. Rxa1 {[%emt 0:00:01]} hxg3 {[%emt 0:00:10]} 28. Bxg3 {[%emt 0:00:06]} Nf4 {[%emt 0:00:15]} 29. Bxf4 {[%emt 0:08:48]} exf4 {[%emt 0:00:42]} 30. Ra8 {[%emt 0:00:49]} Rf8 {[%emt 0:00:09]} 31. Nb5 {[%emt 0:02:01]} g4 {[%emt 0:03:20]} 32. fxg4 {[%emt 0:03:42]} dxc5 {[%emt 0:04:40]} 33. Bf3 {[%emt 0:05:41]} Qh4 {[%emt 0:01:30]} 34. Qf2 {[%emt 0:03:25]} Qg5 {[%emt 0:02:19]} 35. Kf1 {[%emt 0:03:20]} Qh6 {[%emt 0:02:51]} 36. Qxc5 {[%emt 0:02:23]} Ba6 {[%emt 0:04:48]} 37. Rxf8+ {[%emt 0:02:47]} Bxf8 {[%emt 0:00:04]} 38. d6 {[%emt 0:00:24]} Bxd6 {[%emt 0:03:00]} 39. Qd5+ {[%emt 0:00:18]} Kg7 {[%emt 0:00:11]} 40. Kg2 {[%emt 0:01:31]} Qh4 {[%emt 0:00:55]} 41. Nd4 {[%emt 0:00:08]} 1/2-1/2

[Event "Chigorin Memorial 2019"]
[Site "Saint Petersburg"]
[Date "2019.10.11"]
[Round "7.7"]
[White "Kokarev, Dmitry"]
[Black "Khegay, Dmitriy"]
[Result "1-0"]
[WhiteElo "2593"]
[BlackElo "2509"]
[Annotator "ChessBase"]
[PlyCount "149"]
[EventDate "2019.10.05"]
[EventType "swiss"]
[EventCountry "RUS"]
[SourceTitle "playchess.com"]
[Source "ChessBase"]
[SourceQuality "1"]
[TimeControl "5400+30"]

1. e4 {[%emt 0:00:00]} e6 {[%emt 0:00:00]} 2. d4 {[%emt 0:00:00]} d5 {[%emt 0:00:00]} 3. Nc3 {[%emt 0:00:08]} Bb4 {[%emt 0:00:00]} 4. e5 {[%emt 0:00:10]} c5 {[%emt 0:00:00]} 5. a3 {[%emt 0:00:08]} Bxc3+ {[%emt 0:00:00]} 6. bxc3 {[%emt 0:00:07]} Qa5 {[%emt 0:00:04]} 7. Bd2 {[%emt 0:00:12]} Qa4 {[%emt 0:00:04]} 8. Qb1 {[%emt 0:00:11]} c4 {[%emt 0:00:08]} 9. Ne2 {[%emt 0:00:38]} Nc6 {[%emt 0:00:13]} 10. Nf4 {[%emt 0:00:28]} Bd7 {[%emt 0:04:49]} 11. g3 {[%emt 0:00:19]} O-O-O {[%emt 0:01:14]} 12. Bh3 {[%emt 0:02:14]} Nge7 {[%emt 0:09:18]} 13. Qd1 {[%emt 0:04:50]} Kb8 {[%emt 0:03:12]} 14. O-O {[%emt 0:00:11]} Ka8 {[%emt 0:03:31]} 15. Nh5 {[%emt 0:07:22]} Rhg8 {[%emt 0:03:06]} 16. Kh1 {[%emt 0:02:19]} Rdf8 {[%emt 0:02:10]} 17. Bg5 {[%emt 0:02:47]} Nc8 {[%emt 0:08:19]} 18. g4 {[%emt 0:02:32]} Nb6 {[%emt 0:08:15]} 19. f4 {[%emt 0:01:00]} Qa5 {[%emt 0:00:10]} 20. Rf3 {[%emt 0:00:29]} Na4 {[%emt 0:01:56]} 21. Qd2 {[%emt 0:02:27]} Qb6 {[%emt 0:03:52]} 22. f5 {[%emt 0:01:48]} h6 {[%emt 0:02:59]} 23. Bh4 {[%emt 0:07:20]} Qb2 {[%emt 0:00:42]} 24. Qc1 {[%emt 0:00:46]} Qxc1+ {[%emt 0:00:29]} 25. Rxc1 {[%emt 0:00:06]} a6 {[%emt 0:00:18]} 26. Be1 {[%emt 0:08:50]} Na7 {[%emt 0:08:18]} 27. Bd2 {[%emt 0:02:54]} Nb5 {[%emt 0:00:09]} 28. Ra1 {[%emt 0:00:07]} Rc8 {[%emt 0:04:18]} 29. f6 {[%emt 0:06:31]} g6 {[%emt 0:02:31]} 30. Nf4 {[%emt 0:04:04]} Rh8 {[%emt 0:05:57]} 31. Bg2 {[%emt 0:06:35]} Rcg8 {[%emt 0:01:06]} 32. Rh3 {[%emt 0:01:04]} Rh7 {[%emt 0:05:21]} 33. Kg1 {[%emt 0:01:58]} Rgh8 {[%emt 0:03:28]} 34. Kf2 {[%emt 0:00:51]} Bc6 {[%emt 0:02:24]} 35. Ne2 {[%emt 0:01:40]} Ka7 {[%emt 0:01:57]} 36. Bf3 {[%emt 0:03:12]} a5 {[%emt 0:00:15]} 37. Ke1 {[%emt 0:01:21]} Nc7 {[%emt 0:09:52]} 38. Kd1 {[%emt 0:00:37]} Na6 {[%emt 0:03:05]} 39. Rh4 {[%emt 0:00:58]} Nb8 {[%emt 0:00:22]} 40. Be3 {[%emt 0:01:31]} Nd7 {[%emt 0:01:12]} 41. Kd2 {[%emt 0:00:35]} Nf8 {[%emt 0:00:06]} 42. Rg1 {[%emt 0:00:46]} Nb6 {[%emt 0:00:19]} 43. Rg3 {[%emt 0:00:49]} Nbd7 {[%emt 0:00:14]} 44. Rgh3 {[%emt 0:00:52]} g5 {[%emt 0:00:05]} 45. Rh5 {[%emt 0:00:18]} Ka6 {[%emt 0:00:44]} 46. Kc1 {[%emt 0:04:04]} b5 {[%emt 0:00:33]} 47. Ng1 {[%emt 0:01:13]} Kb7 {[%emt 0:02:37]} 48. Be2 {[%emt 0:03:00]} Nb6 {[%emt 0:02:18]} 49. Nf3 {[%emt 0:01:00]} Be8 {[%emt 0:01:18]} 50. Kd2 {[%emt 0:05:30]} Nbd7 {[%emt 0:00:08]} 51. Ne1 {[%emt 0:01:23]} Nb6 {[%emt 0:01:01]} 52. Ng2 {[%emt 0:01:25]} Nbd7 {[%emt 0:00:27]} 53. Bf2 {[%emt 0:03:10]} Ng6 {[%emt 0:00:10]} 54. Re3 {[%emt 0:00:15]} Ndf8 {[%emt 0:00:26]} 55. h4 {[%emt 0:00:23]} gxh4 {[%emt 0:00:38]} 56. Bxh4 {[%emt 0:00:08]} Nxh4 {[%emt 0:00:09]} 57. Nxh4 {[%emt 0:00:10]} Rg8 {[%emt 0:00:46]} 58. Ng2 {[%emt 0:01:30]} Kc7 {[%emt 0:01:06]} 59. Reh3 {[%emt 0:00:11]} Rgh8 {[%emt 0:00:03]} 60. Ne3 {[%emt 0:01:35]} Bc6 {[%emt 0:00:50]} 61. Rh1 {[%emt 0:01:54]} Be8 {[%emt 0:00:08]} 62. Nd1 {[%emt 0:00:09]} Bc6 {[%emt 0:00:13]} 63. Nf2 {[%emt 0:00:06]} Be8 {[%emt 0:00:04]} 64. Ke3 {[%emt 0:00:07]} Bc6 {[%emt 0:00:46]} 65. g5 {[%emt 0:00:49]} hxg5 {[%emt 0:00:20]} 66. Rxh7 {[%emt 0:00:05]} Rxh7 {[%emt 0:00:42]} 67. Rxh7 {[%emt 0:00:05]} Nxh7 {[%emt 0:00:03]} 68. Bh5 {[%emt 0:00:06]} Be8 {[%emt 0:00:37]} 69. Ng4 {[%emt 0:00:05]} Kd7 {[%emt 0:00:15]} 70. Kf3 {[%emt 0:01:28]} Kc7 {[%emt 0:00:04]} 71. Nh6 {[%emt 0:00:13]} g4+ {[%emt 0:00:06]} 72. Kxg4 {[%emt 0:00:29]} b4 {[%emt 0:00:04]} 73. cxb4 {[%emt 0:00:06]} axb4 {[%emt 0:00:04]} 74. axb4 {[%emt 0:00:06]} c3 {[%emt 0:00:02]} 75. Bxf7 {[%emt 0:00:24]} 1-0

[Event "Chigorin Memorial 2019"]
[Site "Saint Petersburg"]
[Date "2019.10.11"]
[Round "7.8"]
[White "Pourramezanali, Amirreza"]
[Black "Gareyev, Timur"]
[Result "1/2-1/2"]
[WhiteElo "2478"]
[BlackElo "2591"]
[Annotator "ChessBase"]
[PlyCount "209"]
[EventDate "2019.10.05"]
[EventType "swiss"]
[EventCountry "RUS"]
[SourceTitle "playchess.com"]
[Source "ChessBase"]
[SourceQuality "1"]
[TimeControl "5400+30"]

1. e4 {[%emt 0:00:00]} e5 {[%emt 0:02:10]} 2. Nf3 {[%emt 0:00:00]} Nc6 {[%emt 0:00:13]} 3. Bc4 {[%emt 0:00:00]} Nf6 {[%emt 0:00:36]} 4. d3 {[%emt 0:00:00]} h6 {[%emt 0:00:30]} 5. O-O {[%emt 0:00:23]} d6 {[%emt 0:00:47]} 6. c3 {[%emt 1:32:37]} g6 {[%emt 1:28:44]} 7. d4 {[%emt 0:00:00]} Qe7 {[%emt 0:00:00]} 8. Re1 {[%emt 0:00:00]} Bg7 {[%emt 0:00:00]} 9. dxe5 {[%emt 0:00:00]} Nxe5 {[%emt 0:00:00]} 10. Nxe5 {[%emt 0:00:00]} dxe5 {[%emt 0:00:00]} 11. Qa4+ {[%emt 0:00:00]} c6 {[%emt 0:00:00]} 12. Qb4 {[%emt 0:00:00]} Bf8 {[%emt 0:00:00]} 13. Qxe7+ {[%emt 0:00:00]} Bxe7 {[%emt 0:00:00]} 14. a4 {[%emt 0:00:00]} a5 {[%emt 0:00:00]} 15. Nd2 {[%emt 0:00:00]} Bc5 {[%emt 0:00:00]} 16. Nf3 {[%emt 0:00:00]} Nd7 {[%emt 0:00:00]} 17. Be3 {[%emt 0:00:00]} Bxe3 {[%emt 0:00:00]} 18. Rxe3 {[%emt 0:00:00]} Ke7 {[%emt 0:00:00]} 19. Rd1 {[%emt 0:00:00]} g5 {[%emt 0:00:00]} 20. Ne1 {[%emt 0:00:00]} Nc5 {[%emt 0:00:00]} 21. b3 {[%emt 0:00:00]} Be6 {[%emt 0:00:00]} 22. Bxe6 {[%emt 0:00:00]} Nxe6 {[%emt 0:00:00]} 23. Nd3 {[%emt 0:00:20]} Rhd8 {[%emt 0:00:00]} 24. Kf1 {[%emt 0:01:49]} Rd7 {[%emt 0:00:00]} 25. Rb1 {[%emt 0:06:44]} f6 {[%emt 0:00:00]} 26. g3 {[%emt 0:00:13]} g4 {[%emt 0:00:00]} 27. b4 {[%emt 0:00:52]} axb4 {[%emt 0:00:00]} 28. Rxb4 {[%emt 0:00:02]} c5 {[%emt 0:00:00]} 29. Rb6 {[%emt 0:00:39]} c4 {[%emt 0:00:00]} 30. Nb4 {[%emt 0:00:40]} Rxa4 {[%emt 0:00:00]} 31. Nd5+ {[%emt 0:00:01]} Kf7 {[%emt 0:00:00]} 32. Re1 {[%emt 0:00:39]} Ra6 {[%emt 0:00:00]} 33. Reb1 {[%emt 0:00:24]} Nc5 {[%emt 0:00:00]} 34. Nxf6 {[%emt 0:00:48]} Rd1+ {[%emt 0:00:00]} 35. Rxd1 {[%emt 0:00:01]} Rxb6 {[%emt 0:00:00]} 36. Nxg4 {[%emt 0:00:06]} Ke6 {[%emt 0:00:00]} 37. Ne3 {[%emt 0:01:22]} Nxe4 {[%emt 0:00:00]} 38. Nxc4 {[%emt 0:00:05]} Rc6 {[%emt 0:00:00]} 39. Na5 {[%emt 0:01:06]} Rc7 {[%emt 0:00:00]} 40. Rd8 {[%emt 0:00:36]} Rf7 {[%emt 0:00:00]} 41. Re8+ {[%emt 0:00:29]} Kd5 {[%emt 0:00:00]} 42. Rd8+ {[%emt 0:00:31]} Kc5 {[%emt 0:00:00]} 43. Re8 {[%emt 0:00:01]} Rxf2+ {[%emt 0:00:00]} 44. Ke1 {[%emt 0:00:01]} Rf5 {[%emt 0:00:00]} 45. Nxb7+ {[%emt 0:00:36]} Kc4 {[%emt 0:01:57]} 46. Re6 {[%emt 0:00:40]} Rh5 {[%emt 0:02:47]} 47. g4 {[%emt 0:00:28]} Rh3 {[%emt 0:01:20]} 48. Kf1 {[%emt 0:01:13]} Kd5 {[%emt 0:09:24]} 49. Ra6 {[%emt 0:00:01]} Rxc3 {[%emt 0:03:49]} 50. Rxh6 {[%emt 0:00:52]} Rc7 {[%emt 0:00:32]} 51. Nd8 {[%emt 0:00:31]} Ng5 {[%emt 0:00:50]} 52. h4 {[%emt 0:00:26]} Nf3 {[%emt 0:00:05]} 53. Rf6 {[%emt 0:00:41]} Nh2+ {[%emt 0:00:37]} 54. Ke2 {[%emt 0:00:18]} Nxg4 {[%emt 0:01:28]} 55. Rg6 {[%emt 0:00:01]} Rc2+ {[%emt 0:00:29]} 56. Kd3 {[%emt 0:00:38]} Rg2 {[%emt 0:00:35]} 57. h5 {[%emt 0:00:06]} Rg3+ {[%emt 0:00:31]} 58. Ke2 {[%emt 0:00:26]} Ke4 {[%emt 0:00:01]} 59. Nf7 {[%emt 0:01:03]} Rg2+ {[%emt 0:00:33]} 60. Kd1 {[%emt 0:00:08]} Kf4 {[%emt 0:00:52]} 61. Nxe5 {[%emt 0:01:11]} Kxe5 {[%emt 0:00:31]} 62. Kc1 {[%emt 0:00:05]} Kf4 {[%emt 0:00:28]} 63. h6 {[%emt 0:00:58]} Rh2 {[%emt 0:00:02]} 64. h7 {[%emt 0:00:06]} Rxh7 {[%emt 0:00:05]} 65. Kd2 {[%emt 0:00:06]} Ne5 {[%emt 0:00:32]} 66. Rg8 {[%emt 0:00:16]} Ke4 {[%emt 0:00:02]} 67. Re8 {[%emt 0:00:08]} Rc7 {[%emt 0:00:42]} 68. Re6 {[%emt 0:00:27]} Rc8 {[%emt 0:00:26]} 69. Re7 {[%emt 0:00:24]} Kd4 {[%emt 0:00:11]} 70. Rh7 {[%emt 0:00:08]} Nc4+ {[%emt 0:00:09]} 71. Ke2 {[%emt 0:00:05]} Re8+ {[%emt 0:00:16]} 72. Kf2 {[%emt 0:00:04]} Ke4 {[%emt 0:00:04]} 73. Ra7 {[%emt 0:00:58]} Rf8+ {[%emt 0:00:08]} 74. Ke2 {[%emt 0:00:31]} Re8 {[%emt 0:00:54]} 75. Kf2 {[%emt 0:00:08]} Nb2 {[%emt 0:00:15]} 76. Ke2 {[%emt 0:00:26]} Kd4+ {[%emt 0:00:10]} 77. Kf3 {[%emt 0:00:06]} Re3+ {[%emt 0:00:34]} 78. Kg4 {[%emt 0:00:05]} Nc4 {[%emt 0:00:21]} 79. Kg5 {[%emt 0:00:28]} Nb6 {[%emt 0:01:17]} 80. Kg4 {[%emt 0:00:38]} Nd5 {[%emt 0:00:01]} 81. Ra4+ {[%emt 0:00:09]} Ke5 {[%emt 0:00:19]} 82. Ra5 {[%emt 0:00:04]} Rd3 {[%emt 0:00:19]} 83. Rc5 {[%emt 0:00:48]} Rd4+ {[%emt 0:00:13]} 84. Kf3 {[%emt 0:00:57]} Rf4+ {[%emt 0:00:01]} 85. Kg3 {[%emt 0:00:12]} Ra4 {[%emt 0:00:07]} 86. Rc8 {[%emt 0:00:35]} Nf6 {[%emt 0:00:33]} 87. Kf3 {[%emt 0:00:15]} Ra3+ {[%emt 0:00:15]} 88. Ke2 {[%emt 0:00:10]} Kd4 {[%emt 0:00:30]} 89. Rd8+ {[%emt 0:00:08]} Ke4 {[%emt 0:00:04]} 90. Kd2 {[%emt 0:00:10]} Nd5 {[%emt 0:00:34]} 91. Re8+ {[%emt 0:00:21]} Kd4 {[%emt 0:00:07]} 92. Ke2 {[%emt 0:00:04]} Nf6 {[%emt 0:02:05]} 93. Rd8+ {[%emt 0:00:07]} Ke4 {[%emt 0:00:03]} 94. Kd2 {[%emt 0:00:11]} Ra5 {[%emt 0:00:31]} 95. Rh8 {[%emt 0:00:36]} Ra2+ {[%emt 0:00:50]} 96. Kc3 {[%emt 0:00:08]} Nd5+ {[%emt 0:00:10]} 97. Kb3 {[%emt 0:00:04]} Rf2 {[%emt 0:00:57]} 98. Rh4+ {[%emt 0:00:26]} Ke5 {[%emt 0:00:28]} 99. Kc4 {[%emt 0:00:28]} Nf4 {[%emt 0:00:36]} 100. Rh8 {[%emt 0:00:21]} Rc2+ {[%emt 0:00:11]} 101. Kb3 {[%emt 0:00:06]} Rc7 {[%emt 0:00:03]} 102. Rd8 {[%emt 0:01:20]} Ne6 {[%emt 0:01:03]} 103. Rh8 {[%emt 0:00:31]} Nc5+ {[%emt 0:01:01]} 104. Kc4 {[%emt 0:00:19]} Ne4+ {[%emt 0:00:44]} 105. Kd3 {[%emt 0:00:42]} 1/2-1/2

[Event "Chigorin Memorial 2019"]
[Site "Saint Petersburg"]
[Date "2019.10.11"]
[Round "7.10"]
[White "Korchmar, Vasiliy"]
[Black "Kovalenko, Igor"]
[Result "1/2-1/2"]
[WhiteElo "2432"]
[BlackElo "2674"]
[Annotator "TA"]
[PlyCount "97"]
[EventDate "2019.10.05"]
[EventType "swiss"]
[EventCountry "RUS"]
[SourceTitle "playchess.com"]
[Source "ChessBase"]
[SourceQuality "1"]

{[%evp 17,97,0,0,-2,0,-9,28,0,0,-2,0,-17,9,14,0,0,6,0,0,0,12,12,19,15,15,20,66,79,79,54,53,64,64,26,31,24,22,0,0,0,67,68,69,22,24,23,59,99,69,16,16,16,16,1,1,1,12,14,15,15,15,15,15,15,15,15,15,15,15,8,8,8,8,8,8,8,8,0,0,-8,-8,-8]} 1. d4 g6 2. e4 Bg7 3. Nc3 d6 4. f4 Nf6 5. Nf3 O-O 6. Bd3 Nc6 7. O-O e5 8. dxe5 dxe5 9. f5 Nb4 10. Bg5 {B09: Pirc Defence: Austrian Attack} (10. Kh1 Nxd3 11. cxd3 gxf5 12. Bg5 h6 13. Bh4 Qd6 14. Qe2 f4 15. d4 Ng4 16. dxe5 Nxe5 17. Rad1 Qa6 {1-0 (49) Andriasian,Z (2621)-Saric,I (2652) Tallinn 2016}) 10... Nxd3 11. cxd3 h6 12. Bh4 {White has an edge.} gxf5 13. d4 $146 ({Predecessor:} 13. Kh1 Qd6 14. exf5 Bxf5 15. Bxf6 Qxf6 16. Nh4 Qxh4 {½-½ (16) Van der Wiel,J-Hartoch,R (2395) Leeuwarden 1979}) 13... exd4 14. Nxd4 {[#] And now e5 would win.} Re8 15. Nxf5 Qxd1 $1 16. Raxd1 Bxf5 $1 17. Rxf5 Nxe4 18. Rd7 Nd6 19. Rf3 Re5 20. Rxc7 Nf5 21. Bf2 b6 22. Rd7 h5 23. g3 Nh6 24. h3 Ra5 25. Nd5 Bxb2 26. Be3 Bg7 27. g4 (27. Bd2 {seems wilder.} Rxa2 28. Nf6+ Kh8 29. Nxh5 Rc8 30. Kf1) 27... hxg4 28. hxg4 Rxd5 ({Better is} 28... Nxg4 $11 29. Ne7+ Kf8 30. Ng6+ Kg8 31. Ne7+ Kf8 32. Ng6+ Kg8 33. Ne7+) 29. Rxd5 $14 {[#] Threatens to win with Bxh6.} Nxg4 30. Rg5 Nxe3 31. Rfg3 Nf5 32. Rxf5 {[%mdl 4096] Endgame Strongly threatening Rfg5. KRR-KRB} Kf8 33. Rfg5 ({White should play} 33. Rgf3 $14) 33... Bd4+ $11 {The position is equal.} 34. Kf1 Ke7 35. Rg8 (35. Ra3 {is interesting.} a5 36. Rg4 Bc5 37. Re4+ Kd6 38. Rd3+) 35... Rxg8 36. Rxg8 {KR-KB} f5 37. Rg6 f4 38. Ke2 {Black should prevent Kf3.} a6 39. Kf3 Be3 40. Ke4 Kd7 41. Rf6 Ke7 42. Rc6 Kd7 43. Rg6 (43. Rc3 {with more complications.} Kd6 44. Rc8 Kd7 45. Ra8 a5 46. a4) 43... Kc7 44. Rf6 Kb7 45. a4 b5 46. axb5 axb5 47. Kd5 Kc7 48. Rxf4 Bxf4 49. Kc5 {Accuracy: White = 55%, Black = 80%.} 1/2-1/2

[Event "Chigorin Memorial 2019"]
[Site "Saint Petersburg"]
[Date "2019.10.12"]
[Round "8.1"]
[White "Bocharov, Ivan"]
[Black "Petrosyan, Manuel"]
[Result "1/2-1/2"]
[WhiteElo "2550"]
[BlackElo "2611"]
[Annotator "ChessBase"]
[PlyCount "81"]
[EventDate "2019.10.05"]
[EventType "swiss"]
[EventCountry "RUS"]
[SourceTitle "playchess.com"]
[Source "ChessBase"]
[SourceQuality "1"]
[TimeControl "5400+30"]

1. e4 {[%emt 0:00:00]} e5 {[%emt 0:04:26]} 2. Nf3 {[%emt 0:00:00]} Nc6 {[%emt 0:00:07]} 3. Nc3 {[%emt 0:00:00]} Nf6 {[%emt 0:00:14]} 4. d4 {[%emt 0:00:00]} exd4 {[%emt 0:00:13]} 5. Nxd4 {[%emt 0:00:00]} Bb4 {[%emt 0:00:36]} 6. Nxc6 {[%emt 0:00:00]} bxc6 {[%emt 0:00:06]} 7. Bd3 {[%emt 0:00:00]} O-O {[%emt 0:00:28]} 8. O-O {[%emt 0:00:00]} d5 {[%emt 0:00:12]} 9. exd5 {[%emt 0:00:00]} cxd5 {[%emt 0:00:08]} 10. Qf3 {[%emt 0:00:12]} Rb8 {[%emt 0:01:57]} 11. Bg5 {[%emt 0:02:00]} c6 {[%emt 0:06:07]} 12. h3 {[%emt 0:00:45]} Bd6 {[%emt 0:01:11]} 13. b3 {[%emt 0:00:02]} h6 {[%emt 0:02:36]} 14. Bf4 {[%emt 0:00:33]} a5 {[%emt 0:03:04]} 15. Rfe1 {[%emt 0:00:56]} Be6 {[%emt 0:07:51]} 16. Ne2 {[%emt 0:03:33]} c5 {[%emt 0:00:20]} 17. Ng3 {[%emt 0:01:30]} Bxf4 {[%emt 0:08:30]} 18. Qxf4 {[%emt 0:00:02]} Rb4 {[%emt 0:00:08]} 19. Qe3 {[%emt 0:08:39]} Qc7 {[%emt 0:06:13]} 20. c3 {[%emt 0:02:35]} Rbb8 {[%emt 0:04:58]} 21. Qf3 {[%emt 0:07:42]} Rfe8 {[%emt 0:09:47]} 22. Nf5 {[%emt 0:06:06]} Bxf5 {[%emt 0:00:51]} 23. Qxf5 {[%emt 0:00:04]} Qd6 {[%emt 0:00:24]} 24. Qf3 {[%emt 0:07:25]} g6 {[%emt 0:04:03]} 25. Re3 {[%emt 0:04:08]} Kg7 {[%emt 0:03:38]} 26. Rae1 {[%emt 0:05:04]} Rxe3 {[%emt 0:00:26]} 27. Qxe3 {[%emt 0:01:24]} a4 {[%emt 0:03:54]} 28. Bc2 {[%emt 0:01:04]} axb3 {[%emt 0:07:32]} 29. axb3 {[%emt 0:00:01]} Re8 {[%emt 0:00:31]} 30. Qd2 {[%emt 0:00:17]} Rxe1+ {[%emt 0:00:12]} 31. Qxe1 {[%emt 0:00:02]} d4 {[%emt 0:00:18]} 32. Qd1 {[%emt 0:05:21]} Qb6 {[%emt 0:04:36]} 33. cxd4 {[%emt 0:01:57]} cxd4 {[%emt 0:00:05]} 34. Bd3 {[%emt 0:00:03]} Nd7 {[%emt 0:00:12]} 35. Qg4 {[%emt 0:01:28]} Qxb3 {[%emt 0:05:57]} 36. Qxd4+ {[%emt 0:00:10]} Nf6 {[%emt 0:00:04]} 37. Bf1 {[%emt 0:00:11]} Qd5 {[%emt 0:00:20]} 38. Qc3 {[%emt 0:00:24]} g5 {[%emt 0:00:21]} 39. Qb2 {[%emt 0:00:05]} Qd6 {[%emt 0:00:25]} 40. Qc3 {[%emt 0:00:05]} Qe6 {[%emt 0:00:13]} 41. Qb2 {[%emt 0:00:07]} 1/2-1/2